Analýza monitorovania a merania spokojnosti zákazníkov v ZF Slovakia, a.s., Levice

Gespeichert in:
Bibliographische Detailangaben
1. Verfasser: Šebo, Matej (Verfasst von)
Weitere Verfasser: Nováková, Renata (Betreuung Doktorarbeit)
Format: Manuskript Buch
Sprache:Slowakisch
Veröffentlicht: 2017
Schlagworte:
Online-Zugang:http://is.stuba.sk/zp/portal_zp.pl?podrobnosti=114981
Tags: Tag hinzufügen
Keine Tags, Fügen Sie das erste Tag hinzu!

MARC

LEADER 00000ntm a22000003a 4500
001 stuzp62613
003 SK-STU
005 20170708210538.4
007 ta
008 150427s2015----xo-----f-mn---000-0-slo-d
040 |a STU  |b slo 
041 0 |a slo 
100 1 |a Šebo, Matej  |u 064000  |4 aut  |U MTF Materiálovotechnologická fakulta  |T MTF Ústav priemyselného inžinierstva a manažmentu  |X 73333  |U M4000  |Y 84  |7 73333 
242 0 1 |a Analysis of monitoring and measurement of customer satisfaction at ZF Slovakia, a.s., Levice  |y eng 
245 1 0 |a Analýza monitorovania a merania spokojnosti zákazníkov v ZF Slovakia, a.s., Levice 
260 |c 2017 
650 4 |a ZF Slovakia  |2 slo 
650 4 |a spokojnosť zákazníka  |2 slo 
650 4 |a meranie spokojnosti zákazníka  |2 slo 
650 4 |a modely spokojnosti zákazníka  |2 slo 
650 4 |a customer satisfaction  |2 eng 
650 4 |a customer satisfaction models  |2 eng 
650 4 |a customer satisfaction measurement  |2 eng 
650 4 |a ZF Slovakia  |2 eng 
700 1 |a Nováková, Renata  |u 064000  |k Z1  |4 ths  |U MTF Materiálovotechnologická fakulta  |T MTF Ústav priemyselného inžinierstva a manažmentu  |X 1481  |U M4000  |Y 84  |7 A000001481 
856 4 |u http://is.stuba.sk/zp/portal_zp.pl?podrobnosti=114981 
996 |c M* BP-8174  |l MMSKP  |s P  |a 0  |w stuzp62613_0001